Measurement burst designs to improve precision in peer research (Record no. 45597)
[ view plain ]
| 000 -LEADER | |
|---|---|
| fixed length control field | 00842nam a22002177a 4500 |
| 008 - FIXED-LENGTH DATA ELEMENTS--GENERAL INFORMATION | |
| fixed length control field | 260424b |||||||| |||| 00| 0 eng d |
| 020 ## - INTERNATIONAL STANDARD BOOK NUMBER | |
| International Standard Book Number | 9781108986526 |
| 040 ## - CATALOGING SOURCE | |
| Original cataloging agency | CUZ |
| Language of cataloging | eng |
| Transcribing agency | CUZ |
| Modifying agency | rda |
| Description conventions | CUZ |
| 050 ## - LIBRARY OF CONGRESS CALL NUMBER | |
| Classification number | BF39.7P4PER |
| 100 ## - MAIN ENTRY--PERSONAL NAME | |
| Personal name | Ryan J. Persram |
| 245 ## - TITLE STATEMENT | |
| Title | Measurement burst designs to improve precision in peer research |
| Statement of responsibility, etc. | by Ryan J. Persram, Bianca Panarello, Melisa Castellanos , Lisa Astrologo and William M. Bukowski |
| 264 ## - PRODUCTION, PUBLICATION, DISTRIBUTION, MANUFACTURE, AND COPYRIGHT NOTICE | |
| Place of production, publication, distribution, manufacture | New York |
| Name of producer, publisher, distributor, manufacturer | Cambridge University press |
| Date of production, publication, distribution, manufacture, or copyright notice | @2021 |
| 300 ## - PHYSICAL DESCRIPTION | |
| Extent | 81pages |
| 500 ## - GENERAL NOTE | |
| General note | includes reference |
| 650 ## - SUBJECT ADDED ENTRY--TOPICAL TERM | |
| Topical term or geographic name entry element | Peer research |
| -- | measurement burst |
| 942 ## - ADDED ENTRY ELEMENTS (KOHA) | |
| Koha item type | OS Book |
| Item part | 39.7P4PER |
| Call number prefix | BF |
| 336 ## - CONTENT TYPE | |
| Content type term | text |
| Content type code | txt |
| 337 ## - MEDIA TYPE | |
| Media type term | unmediated |
| Media type code | n |
| 338 ## - CARRIER TYPE | |
| Source | rdacarrier |
| Withdrawn status | Lost status | Source of classification or shelving scheme | Damaged status | Not for loan | Home library | Current library | Shelving location | Date acquired | Source of acquisition | Cost, normal purchase price | Inventory number | Total Checkouts | Full call number | Barcode | Date last seen | Cost, replacement price | Price effective from | Koha item type |
|---|---|---|---|---|---|---|---|---|---|---|---|---|---|---|---|---|---|---|
| CUZ Harare Campus | CUZ Harare Campus | Open Shelf | 24.11.2023 | Donation | 30.00 | CUZ16820 | BF39.7P4PER | BK010594 | 24.04.2026 | 30.00 | 24.04.2026 | OS Book |